000 00491 a2200205 4500
001 138789
020 _a9788508157990
040 _cLeonardo Da Vinci
041 _aPortuguês
082 _a028.5 M149qu
_bM149qu
100 _aMACHADO, Ana Maria
245 _aQuenco, o pato
250 _a3.ed.
260 _bÁtica
_c2017
_aSão Paulo
300 _a24
362 _a20170000
490 _aBarquinho de Papel
_aBarquinho de Papel
500 _aBiblioteca Alphaville 2
942 _cBK
999 _c138789
_d138789